000
00483nam a2200133Ia 4500
008
100328s9999 xx 000 0 und d
082
_b
38559
100
_a
पंडित बाळ ज.
245
_a
क्रिकेट मंत्र तंत्र
260
_b
मेहता पब्लिशिंग हाऊस
630
_a
क्रिकेट मंत्र तंत्र
730
_a
क्रिकेट मंत्र तंत्र
942
_c
BOOK
999
_c
527721
_d
527718